| 000 | 00759nam a2200217 i 4500 | ||
|---|---|---|---|
| 001 | 75131 | ||
| 003 | ES-MaACL | ||
| 005 | 20230906172338.0 | ||
| 007 | t| | ||
| 008 | 040922s1902 fr ||||1| fre d | ||
| 100 | 1 |
_aGor'kiï, Maksim. _959128 |
|
| 245 | 1 | 4 |
_aLes petits bourgeois (la famille Bezseménoff) _b: pièce en quatre actes / _cMáximo Gorki (seud.) ; traduite par E. Séménoff et E. Smirnoff. |
| 260 |
_aParis : _bSociété du Mercure de France, _c1902 ( _ePoitiers : _fBlais et Roy) |
||
| 300 |
_a266 p. ; _c19 cm. |
||
| 490 | 1 | _aCollection d'auteurs étrangers | |
| 700 | 1 |
_aSemenoff, E. _9183479 |
|
| 700 | 1 |
_aSmirnoff, E. _9106838 |
|
| 830 | 0 |
_aCollection d'auteurs étrangers _9183465 |
|
| 852 |
_aES-MaACL _jF-9550 |
||
| 999 |
_c75131 _d75131 |
||